00000000nam##2200000za#4500
0019.601732
003CaOODSP
00520210624210220
007cr |||||||||||
008150406|2007||||xxc|||||o    f|0| 0 fre|d
022 |a1919-3815
040 |aCaOODSP|bfre
043 |an-cn---
0861 |aFs70-7/2007-007F-PDF
1101 |aCanada. |bMinistère des pêches et des océans. |bRégion des Maritimes.
24510|aExamen du rapport de 2006 sur le programme d'études de suivi des effets sur l'environnement extracôtier d'ExxonMobil Canada |h[ressource électronique]
24617|aRégion des Maritimes : réponses des sciences, examen du rapport de 2006 du programme d'ESEE visant le SOEP
260 |aDartmouth - Nouvelle-Écosse : |bPêches et Océans Canada. |cAoût 2007.
300 |a8p.|bréférences
4901 |aSecrétariat canadien de consultation scientifique - réponse des sciences |x1919-3815|v2007/007, Région des Maritimes
590 |a11-22-Supp|b2011-10-13
77508|tReview of ExxonMobil Canada's 2006 offshore environmental effects monitoring report |w(CaOODSP)9.571088
830#0|aRéponse des sciences (Secrétariat canadien de consultation scientifique)|x1919-3815|v2007/007, Région des Maritimes|w(CaOODSP)9.502630
85640|ahttp://publications.gc.ca|qPDF|s54 Ko|uhttps://publications.gc.ca/collections/collection_2011/mpo-dfo/Fs70-7-2007-007-fra.pdf|y2007/007, Région des Maritimes